Il Volto Del Diavolo

Gardado en:
Detalles Bibliográficos
Autor Principal: Adriana La Terra
Formato: Libro
Idioma:lingua descoñecida ou non válida
Publicado: Ibiskos Ulivieri
Tags: Engadir etiqueta
Sen Etiquetas, Sexa o primeiro en etiquetar este rexistro!

MARC

LEADER 00000nam a2200000Ia 4500
001 R-926
003 CODICE-MESSINA
005 20260212102459.0
008 260211s9999 xx 000 0 und d
040 |c importazione_messina 
100 |a Adriana La Terra 
245 0 |a Il Volto Del Diavolo 
260 |b Ibiskos Ulivieri 
942 |2 ddc  |c BK 
952 |0 0  |1 0  |2 ddc  |4 0  |6 SCAFFALE_9_000000000000000__ROMANZI  |7 0  |9 31754  |a ME  |b ME  |d 2026-02-11  |l 0  |o SCAFFALE 9 - ROMANZI  |p R-926  |r 2026-02-11 23:52:45  |w 2026-02-11  |x [REVISIONARE]  |y BK 
999 |c 27419  |d 27419